Old Thomas and the little fairy

Saved in:
Bibliographic Details
Main Author: Dominique Demers
Format: Book
Language:Undetermined
Published: Québec, Canada Dominique and Friends 2000
Subjects:
Tags: Add Tag
No Tags, Be the first to tag this record!
Institutions: Trung tâm Học liệu Trường Đại học Cần Thơ
LEADER 00479nam a2200169Ia 4500
001 CTU_56102
008 210402s9999 xx 000 0 und d
082 |a 843.54 
082 |b D376 
100 |a Dominique Demers 
245 0 |a Old Thomas and the little fairy 
245 0 |c Dominique Demers 
260 |a Québec, Canada 
260 |b Dominique and Friends 
260 |c 2000 
650 |a children's stories, canadian 
980 |a Trung tâm Học liệu Trường Đại học Cần Thơ